000 00549nam a22001697a 4500
003 OSt
005 20260115115806.0
008 260115b |||||||| |||| 00| 0 eng d
040 _cMRSPTU
041 _aEnglish
100 _aSandeep Kaur, Supervisor: Navdeep Kaur Khiva
245 _aPerformance Comparison of Financial News Classification Using Neural Network and SVM
260 _bDepartment of CSE, MRSPTU, Bathinda
_c2018
650 _aComputer Science
856 _uhttp://163.47.215.52:8080/jspui/handle/123456789/333
942 _2ddc
_cTH
_n0
999 _c10652
_d10652